Population

Αποθηκεύτηκε σε:
Λεπτομέρειες βιβλιογραφικής εγγραφής
Συγγραφή απο Οργανισμό/Αρχή: Institute National d'Etudes Demographiques (France)
Μορφή: Περιοδική έκδοση
Γλώσσα:French
Δημοσίευση: Paris : Institute National d'Etudes Demographiques, 1946-
Θέματα:
Ετικέτες: Προσθήκη ετικέτας
Δεν υπάρχουν, Καταχωρήστε ετικέτα πρώτοι!

MARC

LEADER 00000nas a2200000 i 4500
001 1/43667
008 031027c19469999fr r r 0 |eng||
022 |a 0032-4663 
035 |l 10071404 
040 |a GR-MY-UA  |b gre  |e aacr 
041 0 |a fre 
082 0 |a 304.6   |2 (21) 
245 0 0 |a Population   |h [περιοδικό] /   |c Institute Nationale d'Etudes Demographiques.  
260 |a Paris :   |b Institute National d'Etudes Demographiques,   |c 1946- 
300 |a v. ;  |c 24 εκ.  
310 |a Διμηνιαίο 
500 |a Υπάρχουν 5 τεύχη περιοδικων με τίτλο Population english selection: Vol.44 No.1 (1989:SEP), Vol.2 (1990), Vol.3 (1991), Vol.4 (1992), Vol.5 (1993). 
650 0 0 |a Population  |x Periodicals. 
650 0 0 |a Demography  |x Periodicals. 
710 2 |a Institute National d'Etudes Demographiques (France) 
853 |a INST  |b LESVOS  |c SER  |h 304.2 
901 |a BIBL1-2003-2 
922 |a 1ΕΛΗ  |b 198601  |c ΤΜΗΜΑ ΚΟΙΝΩΝΙΚΗΣ ΑΝΘΡΩΠΟΛΟΓΙΑΣ  |d SWETS 
970 |a ΤΖΑΦΕΡΗ  |b ΕΥΑΓΓΕΛΙΑ  |z 2003/10/27